Principios de sistemas agroforestales y avances en la proteción fitosanitaria en ele departamento de Santander, Colombia / (Registro nro. 7050)

Detalles MARC
000 -CABECERA
Campo de control 01080nam a2200253 a 4500
005 - FECHA Y HORA DE LA ULTIMA TRANSACCION
Campo de control 20161015090402.0
008 - ELEMENTOS DE LONGITUD FIJA—INFORMACION GENERAL
Campo de control 161015b2007 ck ad|||r|||| 00| 0 spa d
020 ## - ISBN
ISBN 9789589884904
040 ## - FUENTE DE CATALOGACIÓN
Agencia catalogadora original CO-BoIAVH
Agencia transcriptora CO-BoIAVH
041 0# - IDIOMA
Código de idioma para texto/pista de sonido o título separado Español
044 ## - PAÍS DE PUBLICACIÓN
País de publicación Colombia
082 04 - NUMERO DE CLASIFICACION DECIMAL DEWEY
Número de clasificación 634.99
Número del ítem E74p
100 1# - ASIENTO PRINCIPAL--NOMBRE PERSONAL
Nombre personal Escobar Múnera, Milagro León
Término relacionado autor
9 (RLIN) 8706
245 10 - MENCION DE TITULO
Título Principios de sistemas agroforestales y avances en la proteción fitosanitaria en ele departamento de Santander, Colombia /
Mención de responsabilidad Milagro León Escobar Múnera [y otros 3]
260 ## - PUBLICACION, DISTRIBUCION, ETC. (PIE DE IMPRENTA)
Lugar de publicación, distribución, etc. Bucaramanga, Colombia :
Nombre del editor, distribuidor, etc. ICA :
-- CDMB,
Fecha de publicación, distribución, etc. 2007.
300 ## - DESCRIPCION FISICA
Extensión 48 páginas :
Otros detalles físicos ilustraciones a color y tablas ;
Dimensiones 24 x 17 cm.
504 ## - NOTA DE BIBLIOGRAFIA, ETC.
Nota de bibliografía Incluye referencias bibliográficas.
650 26 - ASIENTO SECUNDARIO DE MATERIA - TERMINO TEMATICO
Término temático o nombre geográfico como elemento de entrada Agroforestería
Subdivisión general sistemas agroforestales
Subdivisión geográfica Colombia
-- Santander (Departamento)
9 (RLIN) 76906
650 26 - ASIENTO SECUNDARIO DE MATERIA - TERMINO TEMATICO
Término temático o nombre geográfico como elemento de entrada Medidas fitosanitarias
Subdivisión geográfica Colombia
-- Santander (Departamento)
9 (RLIN) 76907
700 1# - ASIENTO SECUNDARIO - NOMBRE PERSONAL
Nombre personal Díaz Fonseca, Alfonso
Término de relación autor
9 (RLIN) 76903
700 1# - ASIENTO SECUNDARIO - NOMBRE PERSONAL
Nombre personal Leal Quintero, Ahudrey
Término de relación autor
9 (RLIN) 76908
700 1# - ASIENTO SECUNDARIO - NOMBRE PERSONAL
Nombre personal Angarita García, Myrian
Término de relación autora
9 (RLIN) 76909
942 ## - ELEMENTOS ADICIONALES (KOHA)
Tipo de ítem Libro
Sistema de clasificación Dewey Decimal Classification
Existencias
Withdrawn status Lost status Sistema de Clasificación Damaged status No para préstamo Colección Inventariado Ubicación Permanente Ubicación actual Fecha de adquisición Fuente de Valor Valor Total Checkouts Número topográfico Inventario / Código de Barras Date last seen Ejemplar Price effective from Forma de adquisición Tipo de material
    Dewey Decimal Classification     General Inventariado 2017 Bogotá Bogotá 13/08/2009 Instituto 39000.00   LB-634.99 E74p 027439 04/12/2012 Ej. 1 04/12/2012 Donación Libro